| 000 | 00512nam a2200169 i 4500 | ||
|---|---|---|---|
| 001 | 86065 | ||
| 003 | ES-MaACL | ||
| 005 | 20230906175352.0 | ||
| 007 | t| | ||
| 008 | 041207s1968 sp ||||1| spa d | ||
| 100 | 1 |
_aKerdel Vegas, Francisco. _9198637 |
|
| 245 | 1 | 3 |
_aLa técnica autorradiográfica en Dermatología / _cpor Francisco Kerdel-Vegas. |
| 260 |
_aBarcelona : _bCientífico Médica, _c1968. |
||
| 300 |
_aVII, 140 p. : _bil. ; _c23 cm. |
||
| 852 |
_aES-MaACL _jC-35531 _bR.68557 |
||
| 999 |
_c86065 _d86065 |
||